000 00591nam a22002177a 4500
001 000031431
003 DO-SdBNP
005 20220210074442.0
007 ta
008 110620s1959 dr r 000 | spa d
040 _aDO-SdBNP
_bspa
_cBNPHU
082 _axxxx
_bO74m, 1959
100 1 _aOrnes de Perelló, Amanda
_957821
245 1 0 _aManual de económia domestica /
_b
_cAmanda Ornes de Perelló.
250 _a2a ed.
260 _aSanto Domingo :
_bLibrería Dominicana,
_c1959.
300 _av. ;
_c23 cm.
590 _aInventariado, 2022 / DG
910 _aDG
942 _2ddc
_cLBS1
999 _c51398
_d51398